Στην άκρη του Αιγαίου Καστελλόριζο

Saved in:
Bibliographic Details
Main Author: Κατσιγιάννης, Ανδρέας
Corporate Author: Ελληνικό Ίδρυμα Ιστορικών Μελετών
Other Authors: Φωτάκη, Ελένη (Lyricist), Νταλάρας, Γιώργος (Singer)
Format: Audio
Language:Greek
Published: Παλλήνη, Ελληνικό Ίδρυμα Ιστορικών Μελετών, [2007;].
Subjects:
Tags: Add Tag
No Tags, Be the first to tag this record!

MARC

LEADER 00000cjm a2200000 a 4500
001 1/114933
008 170918q2007####gr ||z||| ||||||gre||
028 0 2 |a CB970M5593580  |b Ελληνικό Ίδρυμα Ιστορικών Μελετών (ΙΔ.ΙΣ.ΜΕ.)  
040 |a GR-MyUa  |b gre  |c GR-MyUa  |e AACR2 
041 0 |d gre  |e gre 
082 7 |a 781.62   |2 (23)  
100 1 |a Κατσιγιάννης, Ανδρέας. 
245 1 5 |a Στην άκρη του Αιγαίου Καστελλόριζο   |h [ηχογράφηση] /   |c  μουσική Ανδρέας Κατσιγιάννης, στίχοι Ελένη Φωτάκη, τραγούδι Γιώργος Νταλάρας.  
246 1 |i Παράλληλος τίτλος :   |a On the edge of the Aegean Castellorizo  
260 |a Παλλήνη,   |b Ελληνικό Ίδρυμα Ιστορικών Μελετών,   |c [2007;].  
300 |a 1 δίσκος cd (27 λεπτ., 40 δευτ.) :   |b ψηφιακός, στέρεο ;   |c 4 3/4 ίν.  
500 |a Διανέμεται δωρεάν.  
500 |a Το βιβλιαράκι είναι γραμμένο στην ελληνική γλώσσα και μεταφρασμένο στην αγγλική γλώσσα, περιέχει ποιήματα, τους συντελεστές, τους χορηγούς και τους τίτλους των τραγουδιών.  
500 |a Ελληνικό Ίδρυμα Ιστορικών Μελετών = Hellenic History Foundation. 
505 8 |a Στην άκρη του Αιγαίου 02:44 (Είδα σκοτάδι είδα φως) = Stin akri toy Aigaiou, 2. Αρχόντισσα μεγίστη = Αrxontisa megisth, 3. Ψυχές 4:54 = Psixes, 4. Παλαιόκαστρο 3:15 = Palaiokastro, 5. Νοτιά 5:24 = Νotia, 6. Μικρό μου Καστελλόριζο 4:10 = Mikro mou Kastelorizo 04:10, 7. Γαλάζια σπηλιά 2:52 = Galazia spilia.  
508 |a Ενορχήστρωση - επιμέλεια παραγωγής : Νίκος Μέρμηγκας, ηχογράφηση-mastering : studio ANTART, ηχολήπτης : Γιάννης Μπαξεβάνης.  
508 |a Διάφοροι μουσικοί.  
650 0 |a Folk songs, Greek  |z Greece  |z Megiste (Municipality) 
651 0 |a Megiste (Greece : Municipality)  |x Songs and music. 
651 0 |a Megiste (Greece : Municipality)  |x History. 
651 0 |a Megiste (Greece : Municipality)  |x Social life and customs. 
700 1 |a Φωτάκη, Ελένη,  |e lyr 
700 1 |a Νταλάρας, Γιώργος,  |e sng 
710 2 |a Ελληνικό Ίδρυμα Ιστορικών Μελετών. 
852 |a INST  |b RHODES  |c AV  |e 20180313  |h 781.62 ΑΚΡ  |p 005400039484  |q 005400039484  |t CD  |y 23 
970 |z 18-09-2017